[Event "GER-chT U10"]
[Site "Magdeburg"]
[Date "2015.12.28"]
[Round "5.2"]
[White "Pietsch, Johann"]
[Black "Bornemann, Malte"]
[Result "0-1"]
[WhiteElo "1110"]
[BlackElo "1211"]
[PlyCount "41"]
[EventDate "2015.12.27"]
[EventType "team-swiss"]
[EventRounds "7"]
[EventCountry "GER"]
[SourceTitle "EXT 2017"]
[Source "ChessBase"]
[SourceDate "2016.10.25"]
[SourceVersion "1"]
[SourceVersionDate "2016.10.25"]
[SourceQuality "1"]
[WhiteTeam "Halle Roter Turm"]
[BlackTeam "Paderborn Akademie"]
[WhiteTeamCountry "GER"]
[BlackTeamCountry "GER"]

1. e4 e6 2. d4 d5 3. e5 c5 4. c3 Qb6 5. b3 Qxb3 6. axb3 Nc6 7. Nf3 Nge7 8. dxc5 Ng6 9. Bb5 Bxc5 10. Bg5 Bd7 11. Bxc6 Bxc6 12. Nbd2 Bb6 13. 0-0 0-0 14. c4 Bc7 15. Re1 dxc4 16. Nxc4 h6 17. Be7 Nxe7 18. Rc1 Rfd8 19. Kh1 Ba5 20. Re2 Bxf3 21. gxf3 0-1

[Event "GER-chT U10"]
[Site "Magdeburg"]
[Date "2014.12.29"]
[Round "7.3"]
[White "Bornemann, Malte"]
[Black "Knape, Albert"]
[Result "1-0"]
[WhiteElo "966"]
[BlackElo "1072"]
[PlyCount "121"]
[EventDate "2014.12.27"]
[EventType "team-swiss"]
[EventRounds "7"]
[EventCountry "GER"]
[SourceTitle "EXT 2016"]
[Source "ChessBase"]
[SourceDate "2015.10.08"]
[SourceVersion "1"]
[SourceVersionDate "2015.10.08"]
[SourceQuality "1"]
[WhiteTeam "Paderborn"]
[BlackTeam "Potsdam Empor"]
[WhiteTeamCountry "GER"]
[BlackTeamCountry "GER"]

1. d4 d5 2. Bf4 Nf6 3. Nf3 Bf5 4. e3 e6 5. c3 Nbd7 6. Bd3 Ne4 7. Nbd2 Ndf6 8. Qc2 Nxd2 9. Qxd2 Bxd3 10. Qxd3 c6 11. 0-0 Bd6 12. Bxd6 Qxd6 13. Ne5 Nd7 14. Nf3 Nf6 15. Rfe1 Ne4 16. Nd2 Nf6 17. f3 e5 18. Nb3 e4 19. fxe4 Nxe4 20. Nd2 Ng5 21. Rf1 Qg6 22. Qf5 f6 23. h3 Qxf5 24. Rxf5 Kf7 25. Rd1 Rae8 26. Kf2 Ne4+ 27. Nxe4 Rxe4 28. Kf3 g6 29. Rf4 Rhe8 30. Rxe4 Rxe4 31. c4 Ke6 32. g4 g5 33. b3 h6 34. Rd3 Kd6 35. c5+ Ke6 36. a4 a6 37. a5 f5 38. gxf5+ Kxf5 39. b4 h5 40. Rd1 g4+ 41. hxg4+ hxg4+ 42. Ke2 g3 43. Kf3 Kg5 44. Rh1 Re7 45. Rh3 Rf7+ 46. Kxg3 Rf1 47. Rh7 Rg1+ 48. Kf2 Rb1 49. Rxb7 Rb2+ 50. Kf3 Kf5 51. Rb6 Rb3 52. Rxa6 Rxb4 53. Rxc6 Rb5 54. a6 Rb8 55. a7 Ra8 56. Ra6 Kg5 57. e4 Rf8+ 58. Ke3 dxe4 59. a8Q Rf3+ 60. Kxe4 Rf4+ 61. Ke3 1-0